-- Buena sombra le cobija / (Record no. 184263)
[ view plain ]
| 000 -LEADER | |
|---|---|
| campo de control de longitud fija | 00958nam a2200265 i 4500 |
| 001 - NÚMERO DE CONTROL | |
| campo de control | 184263 |
| 003 - IDENTIFICADOR DE NÚMERO DE CONTROL | |
| campo de control | ES-MaACL |
| 005 - FECHA Y HORA DE LA ÚLTIMA TRANSACCIÓN | |
| campo de control | 20231220200306.0 |
| 008 - DATOS DE LONGITUD FIJA--INFORMACIÓN GENERAL | |
| campo de control de longitud fija | 150603s2014 sp a |||| | spa d |
| 020 ## - NÚMERO INTERNACIONAL ESTÁNDAR DEL LIBRO | |
| Número Internacional Estándar del Libro | 978-84-617-2400-0 |
| 080 ## - NÚMERO DE LA CLASIFICACIÓN DECIMAL UNIVERSAL | |
| Número de la Clasificación Decimal Universal | 821.134.2-84(082.2) |
| 100 1# - ENTRADA PRINCIPAL--NOMBRE DE PERSONA | |
| Nombre de persona | Robles Agudo, Francisco. |
| 9 (RLIN) | 156959 |
| 245 13 - MENCIÓN DEL TÍTULO | |
| Título | -- Buena sombra le cobija / |
| Mención de responsabilidad, etc. | Francisco Robles Agudo, José Tébar León, Darío Zori Calvo. |
| 246 3# - FORMA VARIANTE DEL TITULO | |
| Título propio/Titulo breve | Buena sombra le cobija |
| 260 ## - PUBLICACIÓN, DISTRIBUCIÓN, ETC. | |
| Lugar de publicación, distribución, etc. | [Madrid] : |
| Nombre del editor, distribuidor, etc. | F. Robles, |
| Fecha de publicación, distribución, etc. | [2014] |
| 300 ## - DESCRIPCIÓN FÍSICA | |
| Extensión | 250 p. : |
| Otras características físicas | il. ; |
| Dimensiones | 23 cm. |
| 650 #7 - PUNTO DE ACCESO ADICIONAL DE MATERIA--TÉRMINO DE MATERIA | |
| Término de materia o nombre geográfico como elemento de entrada | Refranes y proverbios- |
| Subdivisión geográfica | España. |
| 9 (RLIN) | 16726 |
| 700 1# - ENTRADA AGREGADA--NOMBRE PERSONAL | |
| Nombre de persona | Tébar León, José. |
| 9 (RLIN) | 156960 |
| 700 1# - ENTRADA AGREGADA--NOMBRE PERSONAL | |
| Nombre de persona | Zori Calvo, Darío. |
| 9 (RLIN) | 156961 |
| 852 ## - LOCALIZACIÓN | |
| Ubicación | ES-MaACL |
| Número de control de estantería | A-13498 |
| itemnumber | 191248 |
| Sublocalización o colección | R.150308 |
| Ubicación en estantería | Depósito 1 |
| Signatura antigua | Olim: N-6498 |
| Donativo/Legado | Donacion: Mariano Herrador |
| 903 ## - NOMBRE PERSONAL DE DONANTE | |
| a | Herrador Guardia, Mariano José |
| e | Donante |
| 9 | 151606 |
| 942 ## - ELEMENTOS DE ENTRADA SECUNDARIOS (KOHA) | |
| Fuente del sistema de clasificación o colocación | Clasificación decimal universal |
| Tipo de ítem Koha | Libro impreso |
| Estatus retirado | Estado de pérdida | Fuente del sistema de clasificación o colocación | Estado de daño | No para préstamo | Biblioteca de origen | Biblioteca actual | Ubicación en estantería | Fecha de adquisición | Fuente de adquisición | Total de préstamos | Signatura topográfica completa | Código de barras | Visto por última vez | Precio de reemplazo | Tipo de ítem Koha |
|---|---|---|---|---|---|---|---|---|---|---|---|---|---|---|---|
| Clasificación decimal universal | Biblioteca del Ateneo de Madrid | Biblioteca del Ateneo de Madrid | Depósito 1 | 03/06/2015 | Donación | A-13498 | 1193827 | 23/02/2023 | 23/02/2023 | Libro impreso |
